Odvodový bonus zmena paradigmy

Na minha lista:
Detalhes bibliográficos
Autor principal: Sulík, Richard
Formato: Livro
Idioma:eslovaco
Publicado em: Bratislava Trend Visual 2006
Edição:2. rozš. vyd.
Assuntos:
Tags: Adicionar Tag
Sem tags, seja o primeiro a adicionar uma tag!

MARC

LEADER 00000nam$a2200000$$$4500
001 0053486
005 20240314093140.0
020 |a 80-969378-1-2 
041 0 |a slo 
044 |a SK 
245 1 0 |a Odvodový bonus  |b zmena paradigmy  |c Richard Sulík 
250 |a 2. rozš. vyd. 
264 1 |a Bratislava  |b Trend Visual  |c 2006 
300 |a 240 s. 
610 2 0 |a spoločnosť 
610 2 0 |a demografia 
610 2 0 |a vývoj populačný 
610 2 0 |a financie 
610 2 0 |a štát 
610 2 0 |a občania 
610 2 0 |a paradigma 
610 2 0 |a odvody 
610 2 0 |a obdobie prechodné 
610 2 0 |a dane 
610 2 0 |a dane rovné 
610 2 0 |a vzťahy medzinárodné 
610 2 0 |a kapitalizmus 
610 2 0 |a financie verejné 
610 2 0 |a daňovníci 
610 2 0 |a priznania daňové 
610 2 0 |a legislatíva 
610 2 0 |a Slovensko 
100 1 |a Sulík, Richard